La filosofía del siglo XIX

Збережено в:
Бібліографічні деталі
Автор: Villacañas Berlanga, José Luis (Автор)
Формат: Книга
Мова:Іспанська
Опубліковано: Madrid Trotta 2001
Редагування:1a. ed
Серія:Enciclopedia Iberoamericana de Filosofía, 23
Предмети:
Теги: Додати тег
Немає тегів, Будьте першим, хто поставить тег для цього запису!

MARC

LEADER 00000cam a2200000 a 4500
001 UCM2492
003 CL-VaPUC
005 20220825074441.0
008 020607e20010000SP |||||||||||||||||spa|d
999 |c 300331  |d 300329 
020 |a 8481644730 
040 |c Pontificia Universidad Católica de Valparaíso 
082 0 4 |a 190  |b VIL  |2 21 
100 0 |a Villacañas Berlanga, José Luis  |e author  |9 469259 
245 1 3 |a La filosofía del siglo XIX 
250 |a 1a. ed 
260 |a Madrid  |b Trotta  |c 2001 
300 |a 433 p 
490 0 |a Enciclopedia Iberoamericana de Filosofía, 23 
583 |a last modification  |c 20150731 03:53:48  |k Rodrigo Vera 
600 0 |a Fichte, Johann Gottlieb  |e autore  |9 316864 
600 0 7 |a SCHOPENHAUER, ARTHUR  |2 CL-VaPUC  |9 265694 
600 0 7 |a Mill, John Stuart,  |d 1806-1873  |9 865734 
600 0 7 |a PEIRCE, CHARLES SANDERS  |2 CL-VaPUC  |9 265345 
650 7 |a FILOSOFIA SIGLO 19  |2 CL-VaPUC  |9 315034 
650 7 |a MARXISMO  |2 CL-VaPUC  |9 469260 
650 0 |a Libertad  |9 255686 
650 0 |a Hermenéutica  |9 269473 
650 0 |a Lógica  |9 256849 
650 0 |a Sociedad industrial   |9 345265 
942 |c BK  |2 ddc 
945 |d 20020607 00:00:00  |a vberengu 
952 |0 0  |1 2  |4 0  |6 190_000000000000000_VIL_2001  |7 0  |8 A  |9 357974  |a BIBTEO  |b BIBTEO  |d 2019-11-21  |i 3817814  |o 190 VIL 2001  |p 3817814  |r 2019-11-21  |w 2019-11-21  |y BK  |k ICR 
952 |0 0  |1 0  |3 erb  |4 0  |6 190_000000000000000_VIL_2001  |7 0  |8 A  |9 357975  |a BIBEDU  |b BIBEDU  |i 5193028  |l 1  |o 190 VIL 2001  |p 5193028  |r 2023-07-20  |s 2023-05-16  |w 2019-11-21  |y BK  |z Catalogado en:20150806  |k FIL